| 000 | 00990nam a22003137a 4500 | ||
|---|---|---|---|
| 003 | CHAP | ||
| 005 | 20220817042926.0 | ||
| 008 | 971013s1995 r 00010 d | ||
| 010 | _a60057 | ||
| 011 | _a61029 | ||
| 035 | _a65193 | ||
| 040 | _cCHAP | ||
| 082 |
_a636.085 _bF6 1995 |
||
| 100 | 0 | 0 |
_aForbes, J. M. _942278 |
| 245 | _aVoluntary food intake and diet selection in farm animals | ||
| 250 | _aEd. rev. | ||
| 260 |
_aOxon : _bCAB International, _c1995 |
||
| 300 | _a532 p. | ||
| 590 |
_aBATCH-UPD _b10 _c20130110 _lUCH01 _h0512 |
||
| 590 |
_aBATCH-UPD _b10 _c20130410 _lUCH01 _h0150 |
||
| 590 |
_aBATCH-UPD _b10 _c20130914 _lUCH01 _h1427 |
||
| 590 |
_aCONVERSION _b10 _c20130109 _lUCH01 _h1332 |
||
| 650 | 1 | 4 |
_aAlimentos y alimentacion del ganado. _94326 |
| 650 | 1 | 4 |
_aAlimentos y alimentacion del ganado. _94326 |
| 650 | 1 | 4 | _aNutrición animal. |
| 901 | _aBK | ||
| 942 | _cLIBRO | ||
| 949 |
_a636.085 F6 1995 _bBC _cLIBRO _d33724000615415 _eLIBRO _gI.181541 _h90422 _i65193 _si _t1029.00 |
||
| 999 |
_c60057 _d60057 |
||